| 000 | 00500nam a22001697a 4500 | ||
|---|---|---|---|
| 999 |
_c12494 _d12494 |
||
| 008 | 240718b 2017 ||||| |||| 00| 0 eng d | ||
| 020 | _a9789280116359 | ||
| 082 |
_a623.88 _bIMO |
||
| 100 | _a International Maritime Organization. | ||
| 245 | _aSTCW including 2010 manila amendments : STCW convention and STCW code | ||
| 260 |
_aLondon _bIMO _c2017 |
||
| 300 | _a v,378p. | ||
| 650 | _aGeneral provisions | ||
| 650 | _aMaster and deck department | ||
| 650 | _aEngine department | ||
| 942 | _cBK | ||